000
00275nam a2200121 a 4500
008
100920s1966|||| d
245
1
0
_a
Penzión Bulanka
100
1
_a
Erpenbeck, Fritz
260
_b
Smena
_a
Bratislava
_c
1966
020
_c
9
044
_a
xo
_c
SK
041
_a
slo
999
_c
10521
_d
10521